Poesía alemana del siglo XX / (Registro nro. 120285)

Detalles MARC
000 -LEADER
campo de control de longitud fija 00679nam a2200205 i 4500
001 - NÚMERO DE CONTROL
campo de control 120285
003 - IDENTIFICADOR DE NÚMERO DE CONTROL
campo de control ES-MaACL
005 - FECHA Y HORA DE LA ÚLTIMA TRANSACCIÓN
campo de control 20240229155543.0
007 - CAMPO FIJO DE DESCRIPCIÓN FÍSICA--INFORMACIÓN GENERAL
campo de control de longitud fija t|
008 - DATOS DE LONGITUD FIJA--INFORMACIÓN GENERAL
campo de control de longitud fija 070214s1974 ag r ||||1| spa d
245 00 - MENCIÓN DEL TÍTULO
Título Poesía alemana del siglo XX /
Mención de responsabilidad, etc. selección, traducción, prólogo y notas de Rodolfo E. Modern.
260 ## - PUBLICACIÓN, DISTRIBUCIÓN, ETC.
Lugar de publicación, distribución, etc. Buenos Aires :
Nombre del editor, distribuidor, etc. Librerías Fausto,
Fecha de publicación, distribución, etc. 1974.
300 ## - DESCRIPCIÓN FÍSICA
Extensión 387 p. ;
Dimensiones 20 cm.
490 1# - MENCIÓN DE SERIE
Mención de serie Biblioteca de poesía universal ;
Designación de volumen o secuencia 3
650 #4 - PUNTO DE ACCESO ADICIONAL DE MATERIA--TÉRMINO DE MATERIA
Término de materia o nombre geográfico como elemento de entrada Poesías alemanas
9 (RLIN) 16202
700 1# - ENTRADA AGREGADA--NOMBRE PERSONAL
Nombre de persona Modern, Rodolfo E.
9 (RLIN) 148525
830 0# - PUNTO DE ACCESO ADICIONAL DE SERIE-TÍTULO UNIFORME
Título uniforme Biblioteca de poesía universal ;
Designación de volumen o secuencia 3
9 (RLIN) 218660
852 ## - LOCALIZACIÓN
Ubicación ES-MaACL
Número de control de estantería L-6824
Sublocalización o colección R.107617
Existencias
Estatus retirado Estado de pérdida Estado de daño No para préstamo Biblioteca de origen Biblioteca actual Ubicación en estantería Fecha de adquisición Fuente de adquisición Total de préstamos Signatura topográfica completa Código de barras Visto por última vez Precio de reemplazo Tipo de ítem Koha
        Biblioteca del Ateneo de Madrid Biblioteca del Ateneo de Madrid Depósito 2 17/01/2008     L-6824 1125374 23/02/2023 23/02/2023 Libro impreso